000 01068nam a2200349 a 4500
003 AR-BaBNM
005 20251128204244.0
008 082120s2002 ||||||||||||||000 | spa||
020 _a84-7884-041-9
040 _cAR-BaBNM
245 0 0 _aCuentos de la España Negra
260 _aMadrid
_bPopular
_c[ca. 1988]
300 _a93 p.
_bil.
490 0 _aLetra grande
_vv. 29
500 _aContiene: El inquisidor - El rey de la máscara - Como si acabase de ocurrir - De las alpargatas - La gratitud - El mango del cuchillo - Besos en un suéter manchado de vino
500 _aPresentación de Mercedes Iglesias Vicente
650 4 _aLITERATURA ESPAÑOLA
650 4 _aHISTORIA LITERARIA
650 4 _aLITERATURA CONTEMPORANEA
650 4 _aSIGLO VEINTE
650 4 _aANTOLOGIAS
651 4 _aEspaña
655 _aLITERATURA
700 1 _aAyala, Francisco
700 1 _aValle Inclán, Ramón del
700 1 _aAndújar, Manuel
700 1 _aAub, Max
700 1 _aSueiro, Daniel
700 1 _aFerrero, Jesús
942 _cBK
998 _cEthel
999 _c6731
_d6731